[Event "Druzynowe Mistrzostwa Polski Juniorow - II liga"]
[Site "Sypniewo k. Jastrowia"]
[Date "2023-06-20"]
[Round "7.62"]
[White "Zimny, Karol"]
[Black "Dysko, Michal"]
[Result "1-0"]
[WhiteTitle "II"]
[BlackTitle "II+"]
[WhiteElo "1403"]
[BlackElo "1500"]

1. e4 2. c5 3. Nf3 4. e6 5. c3 6. Nf6 7. e5 8. Nd5 9. d4 10. cxd4 11. cxd4 12.
d6 13. Bc4 14. Nb6 15. Bb3 16. Nc6 17. O-O 18. Be7 19. Qe2 20. O-O 21. Nc3 22.
a6 23. a3 24. Qc7 25. Bc2 26. Rd8 27. Qe4 28. g6 29. h4 30. dxe5 31. dxe5 32.
h5 33. Re1 34. Nd5 35. Ng5 36. Nxc3 37. bxc3 38. Rd5 39. Nxf7 40. Bxh4 41. Nh6+
1-0

[Event "Druzynowe Mistrzostwa Polski Juniorow - II liga"]
[Site "Sypniewo k. Jastrowia"]
[Date "2023-06-20"]
[Round "7.63"]
[White "Olejko, Wojciech"]
[Black "Kordowski, Lukasz"]
[Result "1-0"]
[WhiteTitle "II"]
[BlackTitle "II"]
[WhiteElo "1288"]
[BlackElo "1184"]

1. e4 2. b6 3. d4 4. Bb7 5. Nd2 6. d6 7. Ngf3 8. e6 9. Bd3 10. Nd7 11. O-O 12.
c5 13. c3 14. Qc7 15. Re1 16. f6 17. Nf1 18. O-O-O 19. Qe2 20. g5 21. Ba6 22.
h5 23. a4 24. Bxa6 25. Qxa6+ 26. Qb7 27. Qxb7+ 28. Kxb7 29. Ne3 30. Bh6 31. Nc4
32. Nb8 33. e5 34. dxe5 35. dxe5 36. fxe5 37. Ncxe5 38. Re8 39. Nf7 40. Rh7 41.
Nd6+ 42. Kc6 43. Nxe8 44. Kd7 45. Bxg5 46. Kxe8 47. Rxe6+ 48. Kd7 49. Rae1 50.
Nc6 51. Bxh6 52. Nxh6 53. Ng5 54. Rg7 55. Rxh6 56. Rxg5 57. Rd1+ 58. Kc7 59. Rh7+
60. Kc8 61. Rd6 62. Ne5 63. f4 64. Nf3+ 65. Kf2 66. Rxg2+ 67. Kxg2 68. Nh4+ 69.
Kh1 1-0

[Event "Druzynowe Mistrzostwa Polski Juniorow - II liga"]
[Site "Sypniewo k. Jastrowia"]
[Date "2023-06-20"]
[Round "7.65"]
[White "Moscicka, Alicja"]
[Black "Czerwinska, Oliwia"]
[Result "0-1"]
[WhiteTitle "II"]
[BlackTitle "I"]
[WhiteElo "1181"]
[BlackElo "1431"]

1. e4 2. c5 3. Nc3 4. Nc6 5. d3 6. e6 7. Be3 8. d6 9. Nf3 10. g6 11. d4 12. cxd4
13. Nxd4 14. Bg7 15. Ndb5 16. Bf8 17. Bc4 18. a6 19. Nd4 20. Nf6 21. O-O 22. Bg7
23. Qd2 24. Ne5 25. Bb3 26. Neg4 27. Rad1 28. Nxe3 29. Qxe3 30. O-O 31. Nf3 32.
Qc7 33. Qd3 34. Rd8 35. e5 36. Ne8 37. Rfe1 38. b5 39. exd6 40. Rxd6 41. Qe3 42.
Bb7 43. Ng5 44. Rad8 45. Rxd6 46. Nxd6 47. Qh3 48. h6 49. Nf3 50. Nf5 51. Nh4
52. Nxh4 53. Qxh4 54. Qd6 55. h3 56. Qd2 57. Rd1 58. Qxd1+ 59. Nxd1 60. Rxd1+
61. Kh2 62. Be5+ 63. f4 64. g5 65. Qg4 0-1

[Event "Druzynowe Mistrzostwa Polski Juniorow - II liga"]
[Site "Sypniewo k. Jastrowia"]
[Date "2023-06-20"]
[Round "7.67"]
[White "Guzik, Michal"]
[Black "Skrzypinski, Jan"]
[Result "0-1"]
[WhiteTitle "I"]
[BlackTitle "I"]
[WhiteElo "1444"]
[BlackElo "1862"]

1. e4 2. c5 3. Nf3 4. d6 5. d4 6. cxd4 7. Nxd4 8. Nf6 9. Nc3 10. a6 11. Bg5 12.
e6 13. f4 14. Be7 15. Qf3 16. Qc7 17. O-O-O 18. Nbd7 19. g4 20. b5 21. Bg2 22.
Bb7 23. Qe2 24. b4 25. Na4 26. Nc5 27. Bxf6 28. Bxf6 29. Qc4 30. Rc8 31. Nxc5
32. dxc5 33. Ne2 34. O-O 35. Rhg1 36. Bc6 37. e5 38. Bb5 39. Qe4 40. Be7 41. f5
42. Qa5 43. Kb1 44. c4 45. Nd4 46. c3 47. fxe6 48. fxe6 49. Nb3 50. Qc7 51. Nd4
52. Bc4 53. Qb7 54. Qa5 55. Nb3 56. Bxb3 57. axb3 58. cxb2 59. Kxb2 60. Qa3+ 61.
Kb1 62. Rxc2 63. Kxc2 64. Rf2+ 0-1

[Event "Druzynowe Mistrzostwa Polski Juniorow - II liga"]
[Site "Sypniewo k. Jastrowia"]
[Date "2023-06-20"]
[Round "7.68"]
[White "Kaczmarek, Jan"]
[Black "Oberc, Szymon"]
[Result "1/2-1/2"]
[WhiteTitle "II+"]
[BlackTitle "II+"]
[WhiteElo "1574"]
[BlackElo "1427"]

1. e4 2. e5 3. Nf3 4. Nc6 5. Bc4 6. Bc5 7. c3 8. Nf6 9. d4 10. exd4 11. e5 12.
d5 13. Bb5 Ne4 14. cxd4 15. Bb4+ 16. Nbd2 17. Nxd2 18. Bxd2 19. Bxd2+ 20. Nxd2
21. O-O 22. Bxc6 23. bxc6 24. O-O 25. Rb8 26. Nb3 27. Bd7 28. Qc2 29. Qe7 30.
Nc5 31. Rb4 32. Qc3 33. Rb6 34. f4 35. Bf5 36. b3 37. Qh4 38. Qa5 39. Ra8 40.
Rac1 41. Qh6 42. Na4 43. Rb7 44. Qa6 45. Bc8 46. Rxc6 47. Rb6 48. Rxb6 49. cxb6
50. Qb5 51. Bb7 52. Qe2 53. Rc8 54. Qd2 55. Qc6 56. f5 57. Qc2 58. Qg5 59. h6
60. Qg3 61. Qe4 62. Qf4 63. Qxf4 64. Rxf4 65. Rc2 66. Rf2 67. Rc1+ 68. Rf1 69.
Rc2 70. f6 71. Ba6 72. Re1 73. Bc8 74. fxg7 75. Kxg7 76. Kf1 77. Ba6+ 78. Kg1
79. Bc8 80. h3 81. Bd7 82. Rb1 83. Rc5 1/2-1/2

[Event "Druzynowe Mistrzostwa Polski Juniorow - II liga"]
[Site "Sypniewo k. Jastrowia"]
[Date "2023-06-20"]
[Round "7.69"]
[White "Panasiuk, Stanislaw"]
[Black "Stachowiak, Bruno"]
[Result "0-1"]
[WhiteTitle "II"]
[BlackTitle "II"]
[WhiteElo "1200"]
[BlackElo "1591"]

1. e4 2. d6 3. d4 4. Nf6 5. Nc3 6. g6 7. Nf3 8. Bg7 9. Be3 10. Nc6 11. Be2 12.
Bg4 13. h3 14. Bxf3 15. Bxf3 16. O-O 17. O-O 18. Re8 19. Re1 20. a6 21. a4 22.
e5 23. d5 24. Nd4 25. Rc1 c5 26. dxc6 27. bxc6 28. Bxd4 29. exd4 30. Qxd4 31.
Nxe4 32. Qd3 33. Nxc3 34. bxc3 35. d5 36. c4 37. Qa5 38. Rxe8+ 39. Rxe8 40. cxd5
41. cxd5 42. Bxd5 43. Qxa4 44. Qf3 Re7 45. c4 46. Qb4 47. Kh2 48. h5 49. c5 50.
Be5+ 51. g3 52. h4 53. Rc4 54. hxg3+ 55. fxg3 56. Qe1 57. Re4 58. Qd2+ 59. Re2
60. Bxg3+ 61. Kxg3 62. Qxe2 63. Bxf7+ 64. Kg7 65. Qxe2 66. Rxe2 67. Bd5 68. Rc2
69. c6 Rc5 70. Be4 71. g5 72. Kf3 73. Kf6 74. Ke3 75. Ke5 76. Kd3 77. a5 78. Ke3
79. a4 80. Kd3 81. a3 82. Ke3 83. a2 84. Kd3 85. a1=Q 86. Ke3 87. Rc3+ 0-1

[Event "Druzynowe Mistrzostwa Polski Juniorow - II liga"]
[Site "Sypniewo k. Jastrowia"]
[Date "2023-06-20"]
[Round "7.70"]
[White "Soroczynski, Mateusz"]
[Black "Wojtun, Maksymilian"]
[Result "1/2-1/2"]
[WhiteTitle "II"]
[BlackTitle "II"]
[WhiteElo "1002"]
[BlackElo "1126"]

1. e4 2. e5 3. Nf3 4. Nc6 5. Bc4 6. Bc5 7. c3 8. Nf6 9. d3 10. d6 11. O-O 12. Bg4
13. Nbd2 14. O-O 15. h3 16. Be6 17. Re1 18. Nd7 19. Bb3 20. Bb6 21. Nf1 22. Qf6
23. Ng3 24. Qg6 25. d4 26. Bxb3 27. axb3 28. Rfe8 29. d5 30. Qxg3 31. Be3 32.
Bxe3 33. Rxe3 34. Qf4 35. dxc6 36. bxc6 37. Ra6 38. c5 39. Qa1 40. Nb6 41. Rxa7
42. Qf6 43. Rxa8 44. Rxa8 45. Qf1 46. Qe6 47. c4 48. Qc8 49. Re1 50. Qa6 51. Qd3
52. Qa5 53. Rc1 54. Rb8 55. Kh2 56. Qa2 57. Qc2 58. Nd7 59. Nd2 60. Nf8 61. Rb1
62. Ne6 63. Qc1 64. Nd4 65. Ra1 66. Nxb3 67. Rxa2 68. Nxc1 69. Ra7 70. Rc8 71.
Rb7 72. Kf8 73. Kg3 74. Ke7 75. Kf3 76. Kd7 77. Ke3 78. Na2 79. Nb1 80. Nb4 81.
Nc3 82. Ra8 83. Nb5 84. Na6 85. f4 86. Kc8 87. Ra7 88. Rxa7 89. Nxa7+ 90. Kb7
91. Nb5 92. exf4+ 93. Kxf4 94. Nb4 95. Ke3 96. Kc8 97. g4 98. Kd7 99. h4 100.
c6 101. Nc3 102. Nc2+ 103. Kf4 104. Ne1 105. Kf5 106. Ng2 107. Kg5 108. h6+ 109.
Kf5 110. Ne3+ 111. Kf4 112. Nxc4 113. Nd1 114. d5 115. exd5 116. cxd5 117. Kf3
118. Ke6 119. Kf4 120. g6 121. g5 122. hxg5+ 123. hxg5 124. f6 125. gxf6 126.
Kxf6 127. Nc3 128. g5+ 129. Kg4 130. Ne3+ 131. Kf3 132. Ke5 133. Na4 134. Nc4
135. Nxc5 136. Nxb2 137. Nb3 138. d4 139. Nxd4 1/2-1/2

[Event "Druzynowe Mistrzostwa Polski Juniorow - II liga"]
[Site "Sypniewo k. Jastrowia"]
[Date "2023-06-20"]
[Round "7.71"]
[White "Niedorys, Karolina"]
[Black "Gac-mytych, Sara"]
[Result "1-0"]
[WhiteTitle "I+"]
[BlackTitle "II+"]
[WhiteElo "1519"]
[BlackElo "1136"]

1. e4 2. c6 3. d4 4. d5 5. exd5 6. cxd5 7. c4 8. Nf6 9. Nc3 10. e6 11. Bg5 12.
dxc4 13. Bxc4 14. Be7 15. Nf3 16. O-O 17. O-O 18. Qc7 19. Bb3 20. Rd8 21. Rc1
22. Qd7 23. Re1 24. b6 25. d5 26. Qb7 27. Qe2 28. h6 29. Bxf6 30. Bxf6 31. dxe6
32. fxe6 33. Bxe6+ 34. Kh8 35. Bd5 36. Nc6 37. Qb5 38. Bd7 39. Ne4 40. a6 41.
Bxc6 42. axb5 43. Bxb7 44. Rxa2 45. Nxf6 46. gxf6 47. Red1 48. Rxb2 49. h3 50.
b4 51. Rc7 52. b3 53. Rdxd7 54. Rxd7 55. Rxd7 56. Rb1+ 57. Kh2 58. b2 59. Be4
60. Rc1 61. Rd6 62. b1=Q 63. Bxb1 64. Rxb1 65. Rxf6 66. Kg7 67. Rc6 68. b5 69.
Rb6 70. b4 71. Kg3 72. Rb2 73. Nd4 74. h5 75. Nc6 76. b3 77. Nd4 78. h4+ 79. Kf3
80. Rd2 81. Nxb3 82. Rd3+ 83. Kg4 1-0

[Event "Druzynowe Mistrzostwa Polski Juniorow - II liga"]
[Site "Sypniewo k. Jastrowia"]
[Date "2023-06-21"]
[Round "8.1"]
[White "Halhoul, Adam"]
[Black "Zalega, Maciej"]
[Result "1/2-1/2"]
[WhiteTitle "I"]
[BlackTitle "I++"]
[WhiteElo "1759"]
[BlackElo "2166"]

1. d4 2. Nf6 3. c4 4. g6 5. Nc3 6. d5 7. Bg5 8. Ne4 9. Bh4 10. Nxc3 11. bxc3 12.
c5 13. e3 14. Nc6 15. Nf3 16. Bg7 17. cxd5 18. Qxd5 19. Be2 20. cxd4 21. cxd4
22. e5 23. dxe5 24. Qa5+ 25. Qd2 26. Qxd2+ 27. Kxd2 28. Nxe5 29. Nxe5 30. Bxe5
31. Rab1 32. Rb8 33. f4 34. Bg7 35. Bb5+ 36. Bd7 37. Bxd7+ 38. Kxd7 39. Ke2 40.
Rhc8 41. Rhd1+ 42. Ke6 43. Rd2 44. Bf8 45. Rb5 46. Rc5 47. Rb4 48. f5 49. Rbd4
50. Rc7 51. e4 52. Re8 53. e5 54. Bc5 55. Rc4 56. Rec8 57. Bf2 58. Bxf2 59. Rxc7
60. Rxc7 61. Kxf2 62. b5 63. h4 64. Rc4 65. Rd6+ 66. Ke7 67. Ke3 68. Re4+ 69.
Kf3 70. Ra4 71. Rd2 72. Ra3+ 73. Kf2 74. a5 75. g3 76. b4 77. Kg2 78. a4 79. Rb2
80. b3 81. axb3 82. Rxb3 83. Rd2 84. a3 85. Rd6 86. Rb2+ 87. Kf3 88. Rb3+ 89.
Kg2 90. a2 91. Ra6 92. Rb2+ 93. Kf3 94. Rb3+ 95. Kg2 96. Rb2+ 97. Kf3 98. Rb3+
1/2-1/2

[Event "Druzynowe Mistrzostwa Polski Juniorow - II liga"]
[Site "Sypniewo k. Jastrowia"]
[Date "2023-06-21"]
[Round "8.2"]
[White "Stachecki, Mikolaj"]
[Black "Bednarczyk, Mateusz"]
[Result "1/2-1/2"]
[WhiteTitle "I++"]
[BlackTitle "I"]
[WhiteElo "2016"]
[BlackElo "1681"]

1. e4 2. c5 3. Nf3 4. d6 5. d4 6. cxd4 7. Nxd4 8. Nf6 9. Nc3 10. Nc6 11. Be3 12.
e5 13. Nb3 14. Be7 15. f3 16. O-O 17. Be2 18. Be6 19. Nd5 20. Bxd5 21. exd5 22.
Nb4 23. c4 24. a5 25. Qd2 26. b6 27. O-O 28. Na6 29. Nc1 30. Nd7 31. b3 32. f5
33. a3 34. Nac5 35. Ra2 36. f4 37. Bf2 38. e4 39. Bxc5 40. Nxc5 41. fxe4 42. Nxe4
43. Qd4 44. Nc5 45. b4 46. axb4 47. axb4 48. Nb3 49. Qb2 50. Nxc1 51. Rxa8 52.
Qxa8 53. Qxc1 54. Qa4 55. Qe1 56. Bf6 57. Bg4 58. Be5 59. Kh1 60. Qc2 61. Qc1
62. Qxc1 63. Rxc1 64. Bd4 1/2-1/2

[Event "Druzynowe Mistrzostwa Polski Juniorow - II liga"]
[Site "Sypniewo k. Jastrowia"]
[Date "2023-06-21"]
[Round "8.3"]
[White "Sakharchuk, Aliaksandr"]
[Black "Prokopiuk, Jakub"]
[Result "1/2-1/2"]
[WhiteTitle "II+"]
[BlackTitle "I"]
[WhiteElo "1509"]
[BlackElo "1522"]

1. e4 2. c5 3. Nf3 4. Nc6 5. g3 6. d6 7. Bg2 8. Nf6 9. d3 10. e6 11. O-O 12. Be7
13. Re1 14. O-O 15. Nbd2 16. Qc7 17. b3 18. Nd7 19. Bb2 20. Bf6 21. Bxf6 22. Nxf6
23. Qe2 24. d5 25. e5 26. Nd7 27. c3 28. b6 29. d4 30. a5 31. a4 32. Ba6 33. Qe3
34. Rac8 35. Rac1 36. cxd4 37. cxd4 38. Qb7 39. Bf1 40. Nb4 41. Red1 42. Na2 43.
Ra1 44. Rc3 45. Qf4 46. Nb4 47. Rac1 48. Rxc1 49. Rxc1 50. Bxf1 51. Rxf1 52. Rc8
53. Nb1 54. Na2 55. Qd2 56. Nb4 57. Nc3 58. Qc6 59. Rc1 60. Qb7 1/2-1/2

[Event "Druzynowe Mistrzostwa Polski Juniorow - II liga"]
[Site "Sypniewo k. Jastrowia"]
[Date "2023-06-21"]
[Round "8.4"]
[White "Nagly, Malgorzata"]
[Black "Goraj, Barbara"]
[Result "0-1"]
[WhiteTitle "II"]
[BlackTitle "WCM"]
[WhiteElo "1021"]
[BlackElo "2176"]

1. e4 2. c5 3. Nc3 4. a6 5. g3 6. Nc6 7. Bg2 8. g6 9. d3 10. Bg7 11. Nge2 12. e6
13. Be3 14. Nd4 15. O-O 16. Ne7 17. Na4 18. d6 19. c4 20. Rb8 21. Rb1 22. b5 23.
Nac3 24. Nec6 25. a3 26. b4 27. axb4 28. Rxb4 29. Bd2 30. Nxe2+ 31. Qxe2 32. Nd4
33. Qd1 34. Rb3 35. Kh1 36. Bd7 37. Qc1 38. h5 39. h4 40. Qb6 41. Re1 42. O-O
43. Re3 44. Rb8 45. Nd1 46. a5 47. Bc3 48. a4 49. Ra1 50. Bh6 51. f4 e5 52. Re1
53. exf4 54. gxf4 55. Qd8 56. Qd2 Qxh4+ 57. Kg1 58. Bxf4 59. Qf2 60. Qxf2+ 61.
Kxf2 62. Nc2 63. Rxa4 64. Bxa4 65. Rh1 66. Nd4 67. Rh4 68. Bg5 69. Rh3 70. R3b6
71. Ne3 72. Bxe3+ 73. Kxe3 74. Rxb2 75. Bxb2 76. Rxb2 77. Bf3 78. Kg7 79. Rh1
80. Kf6 81. Ra1 82. Nc2+ 83. Kf4 84. Nxa1 0-1

[Event "Druzynowe Mistrzostwa Polski Juniorow - II liga"]
[Site "Sypniewo k. Jastrowia"]
[Date "2023-06-21"]
[Round "8.5"]
[White "Rusiecki, Katarzyna"]
[Black "Popczynska, Michalina"]
[Result "1-0"]
[WhiteTitle "I+"]
[BlackTitle "I"]
[WhiteElo "1332"]
[BlackElo "1457"]

1. d4 2. Nf6 3. c4 4. e6 5. Nf3 6. c5 7. Nc3 8. cxd4 9. Nxd4 10. Nc6 11. Nc2 12.
Be7 13. g3 14. O-O 15. Bg2 16. b6 17. O-O 18. Bb7 19. Bf4 20. a6 21. b4 22. d6
23. Rb1 24. e5 25. Be3 26. Ng4 27. Bd2 28. h5 29. h3 30. Nf6 31. Be3 32. h4 33.
g4 34. Nh7 35. Nd5 36. b5 37. Bb6 38. Qd7 39. Be4 40. g6 41. Be3 42. f5 43. Nb6
44. Qd8 45. Bd5+ 46. Kh8 47. Nxa8 48. Qxa8 49. Bh6 50. Rd8 51. gxf5 52. gxf5 53.
Kh2 54. e4 55. Rg1 56. Bf6 57. Ne3 58. Be5+ 59. Kh1 60. Qc8 61. Qf1 62. Ne7 63.
Qg2 64. Rg8 65. Bxg8 66. Qxg8 67. Qxg8+ 68. Nxg8 69. Nxf5 70. Bc8 71. Rxg8+ 72.
Kxg8 73. Ne7+ 74. Kf7 75. Nxc8 76. bxc4 77. Nb6 78. c3 79. Rc1 80. Kg6 81. Be3
82. Nf6 83. Nc4 84. Nd5 85. Nxe5+ 86. dxe5 87. a3 88. Kf5 89. Kg2 90. Ke6 91.
Bg5 92. Kd6 93. Bxh4 94. Kc6 95. Bg3 96. Kb5 97. Bxe5 98. Kc4 99. h4 100. Kb3
101. h5 102. c2 103. h6 104. Nc3 105. Bxc3 106. Kxc3 107. h7 108. Kd2 109. Rxc2+
1-0

[Event "Druzynowe Mistrzostwa Polski Juniorow - II liga"]
[Site "Sypniewo k. Jastrowia"]
[Date "2023-06-21"]
[Round "8.6"]
[White "Kolodziejski, Piotr"]
[Black "Wolak, Maciej"]
[Result "1-0"]
[WhiteTitle "k"]
[BlackTitle "II"]
[WhiteElo "2049"]
[BlackElo "1317"]

1. e4 2. c5 3. Nf3 4. g6 5. c4 6. Bg7 7. d4 8. cxd4 9. Nxd4 10. Nf6 11. Nc3 12.
d6 13. Be2 14. O-O 15. Be3 16. Nc6 17. Qd2 18. Nxd4 19. Bxd4 20. Be6 21. Rc1 22.
Rc8 23. b3 24. a6 25. O-O 26. Qa5 27. Be3 28. Rfe8 29. f3 30. Nd7 31. Rfd1 32.
Ne5 33. Nd5 34. Qxd2 35. Bxd2 36. Bxd5 37. exd5 38. Nd7 39. Be1 40. Ra8 41. Bf2
42. Rec8 43. Re1 44. Re8 45. Bf1 46. Rac8 47. Rb1 48. Rb8 49. b4 50. Kf8 51. Rec1
52. Rec8 53. c5 54. dxc5 55. bxc5 56. Be5 57. g3 58. g5 59. Rb4 60. e6 61. Bh3
62. Ke7 63. f4 64. gxf4 65. gxf4 66. Bg7 67. d6+ 68. Ke8 69. Bg2 70. Bf8 71. Be3
72. Nf6 73. Rxb7 74. Nd5 75. d7+ 76. Kd8 77. dxc8=Q+ 78. Rxc8 79. Bxd5 80. exd5
81. c6 82. Bd6 83. Rd7+ 1-0

[Event "Druzynowe Mistrzostwa Polski Juniorow - II liga"]
[Site "Sypniewo k. Jastrowia"]
[Date "2023-06-21"]
[Round "8.7"]
[White "Khimichenko, Dmytro"]
[Black "Kejna, Piotr"]
[Result "1/2-1/2"]
[WhiteTitle "I"]
[BlackTitle "CM"]
[WhiteElo "1457"]
[BlackElo "1991"]

1. e4 2. c5 3. b4 4. cxb4 5. a3 6. d5 7. exd5 8. Qxd5 9. Nf3 10. e6 11. axb4 12.
Bxb4 13. c3 14. Be7 15. Na3 16. Bd7 17. Bc4 18. Qe4+ 19. Qe2 20. Qxe2+ 21. Bxe2
22. Nf6 23. Nb5 24. Bxb5 25. Bxb5+ 26. Nbd7 27. Ne5 28. a6 29. Ba4 30. Rd8 31.
Nxd7 32. Nxd7 33. Bc2 34. O-O 35. Ba3 36. Bxa3 37. Rxa3 38. Ne5 39. d4 40. Nc4
41. Ra2 42. Rc8 43. Bd3 44. e5 45. Bxc4 46. Rxc4 47. dxe5 48. Rxc3 49. O-O 50.
Rfc8 51. f4 52. Kf8 53. Rd1 54. Ke7 55. Rad2 56. R8c7 57. Rd6 58. Rc1 59. Rxc1
60. Rxc1+ 61. Kf2 62. Rc6 63. Rd3 64. b5 65. Rb3 66. Ke6 67. Ke3 68. g5 69. g3
70. gxf4+ 71. gxf4 72. Kf5 73. Rd3 74. f6 75. exf6 76. Rxf6 77. h3 78. Rh6 79.
Rd5+ 80. Ke6 81. Ke4 82. Rxh3 83. f5+ 84. Ke7 85. Rc5 86. Kd6 87. Rd5+ 88. Kc6
89. Rd8 90. Rh1 91. f6 92. Rf1 93. Ke5 94. b4 95. Ke6 96. Re1+ 97. Kf5 98. Kc5
99. f7 100. Rf1+ 101. Ke6 102. Kc4 103. f8=Q Rxf8 104. Rxf8 105. b3 106. Rc8+
107. Kd3 108. Rd8+ 109. Kc2 110. Rc8+ 111. Kb1 112. Ra8 1/2-1/2

[Event "Druzynowe Mistrzostwa Polski Juniorow - II liga"]
[Site "Sypniewo k. Jastrowia"]
[Date "2023-06-21"]
[Round "8.8"]
[White "Komendecki, Antoni"]
[Black "Pekala, Dawid"]
[Result "1-0"]
[WhiteTitle "I++"]
[BlackTitle "I"]
[WhiteElo "1965"]
[BlackElo "1534"]

1. e4 2. c5 3. Nf3 4. Nc6 5. d4 6. cxd4 7. Nxd4 8. Nf6 9. Nc3 10. h5 11. Be2 12.
e5 13. Ndb5 14. d6 15. Bg5 16. a6 17. Na3 18. Be6 19. O-O 20. Be7 21. Bxf6 22.
gxf6 23. Bxh5 24. Rg8 25. Nd5 26. Bxd5 27. Qxd5 28. Rg7 29. c3 30. Rc8 31. Nc4
32. b5 33. Ne3 34. Kf8 35. Nf5 36. Rh7 37. Bg4 38. Rc7 39. Rfd1 40. Rh8 41. Nxd6
42. Bxd6 43. Qxd6+ 44. Qxd6 45. Rxd6 46. Ke7 47. Rad1 48. Rd8 49. Rxd8 50. Nxd8
51. h4 52. Ne6 53. h5 54. Rc8 55. Bf5 56. Rh8 57. g4 58. Nc5 59. Kf1 60. Ne6 61.
Rd5 1-0

[Event "Druzynowe Mistrzostwa Polski Juniorow - II liga"]
[Site "Sypniewo k. Jastrowia"]
[Date "2023-06-21"]
[Round "8.9"]
[White "Wolak, Jan"]
[Black "Kawulski-chodkiewicz, Alexander"]
[Result "0-1"]
[WhiteTitle "II"]
[BlackTitle "I"]
[WhiteElo "1394"]
[BlackElo "1697"]

1. e4 2. e6 3. d4 4. d5 5. Nd2 6. Nf6 7. e5 8. Nfd7 9. f4 10. c5 11. c3 12. Nc6
13. Ndf3 14. Qb6 15. a3 16. a5 17. b3 18. Be7 19. h4 20. h5 21. Ra2 22. g6 23.
Ne2 24. cxd4 25. cxd4 26. Nf8 27. Nc3 28. Bd7 29. Na4 30. Qa7 31. Rc2 32. b6 33.
Bb5 34. Nxe5 35. dxe5 36. Bxb5 37. Bb2 38. Bxa4 39. bxa4 40. Nd7 41. Nd4 42. Nc5
43. Rc1 44. Qb7 45. O-O 46. Bxh4 47. Nb5 48. Be7 49. Bd4 50. Kd7 51. Rf2 52. Rac8
53. Rfc2 54. Na6 55. Rxc8 56. Rxc8 57. Rxc8 58. Kxc8 59. Qc2+ 60. Kd7 61. Qd3
62. Bc5 63. Kh2 64. Be7 65. Qe3 66. Nc5 67. g4 68. hxg4 69. Qg1 70. Nxa4 71. Qxg4
72. Qc6 73. Qe2 74. Qc4 75. Qxc4 76. dxc4 77. Kg2 78. Kc6 79. Nc3 80. Nxc3 81.
Bxc3 82. Bxa3 83. Kf3 84. Bb4 85. Bb2 86. c3 87. Bc1 88. Kd5 89. Ke3 90. Kc4 91.
Ke2 92. b5 93. Kd1 94. Kd3 95. f5 96. c2# 0-1

[Event "Druzynowe Mistrzostwa Polski Juniorow - II liga"]
[Site "Sypniewo k. Jastrowia"]
[Date "2023-06-21"]
[Round "8.10"]
[White "Romejko, Jagoda"]
[Black "Szopa, Emilia"]
[Result "0-1"]
[WhiteTitle "I"]
[BlackTitle "I++"]
[WhiteElo "1525"]
[BlackElo "1697"]

1. e4 2. c6 3. c4 4. d5 5. exd5 6. cxd5 7. cxd5 8. Nf6 9. Qa4+ 10. Nbd7 11. Nc3
12. g6 13. Nf3 14. Bg7 15. Qb3 16. O-O 17. Bc4 18. Nb6 19. O-O 20. Nxc4 21. Qxc4
22. a6 23. d4 24. b5 25. Qe2 26. b4 27. Ne4 28. Qxd5 29. Nc5 30. Bg4 31. Rd1 32.
a5 33. Bf4 34. Rfc8 35. Qe3 36. Qf5 37. Bg3 38. Nd5 39. Qd3 40. Qxd3 41. Rxd3
42. Bf5 43. Rd2 44. a4 45. Be5 46. f6 47. Bg3 48. e5 49. Nb7 50. Bh6 51. Rdd1
52. Bc2 53. Re1 54. e4 55. Nh4 56. f5 57. Be5 58. b3 59. a3 60. Ra6 61. Nc5 62.
Ra5 63. Nb7 64. Ra7 65. Nc5 66. Bf8 67. g3 68. Re8 69. f4 70. Nb6 71. Ng2 72.
Nc4 73. Ne3 74. Nd2 75. Kg2 76. Nf3 77. Rec1 78. Rxe5 79. fxe5 80. Nxd4 81. Nxa4
82. Rxa4 83. Nxc2 84. bxc2 85. Re1 86. Nb3 87. Rac1 88. Rc4 89. Kf2 90. Nxc1 91.
Rxc1 92. Bh6 0-1

[Event "Druzynowe Mistrzostwa Polski Juniorow - II liga"]
[Site "Sypniewo k. Jastrowia"]
[Date "2023-06-21"]
[Round "8.11"]
[White "Pajak, Patrycja"]
[Black "Miklosz, Malgorzata"]
[Result "0-1"]
[WhiteTitle "I"]
[BlackTitle "I"]
[WhiteElo "1268"]
[BlackElo "1299"]

1. e4 2. c5 3. g3 4. e6 5. Bg2 6. Ne7 7. Ne2 8. Nbc6 9. O-O 10. g6 11. c3 12. Bg7
13. d4 14. cxd4 15. cxd4 16. d5 17. exd5 18. Nxd5 19. Nbc3 20. Nxc3 21. bxc3 22.
O-O 23. Rb1 24. Qc7 25. Be3 26. b6 27. Qc1 28. Ba6 29. Re1 30. Rac8 31. Qa3 32.
Na5 33. Rbc1 34. Bd3 35. Qa4 36. Nc4 37. Qd1 38. Bf5 39. h3 40. e5 41. g4 42.
Bd7 43. Qb3 44. Nxe3 45. fxe3 46. Bh6 47. Kf2 48. Kh8 49. c4 50. f5 51. g5 52.
Bxg5 53. Kg1 54. exd4 55. Nxd4 56. Qg3 57. Qc3 58. Bf6 59. Qd2 60. f4 61. exf4
62. Bxh3 63. Re2 64. Rfd8 65. Re4 66. Bxg2 67. Qxg2 68. Bxd4+ 69. Kh1 70. Qh4+
71. Qh2 72. Qxh2+ 73. Kxh2 74. Bc5 75. Rce1 76. Rd2+ 77. R4e2 78. Rd4 79. Re4
80. Rd2+ 81. R1e2 82. Rcd8 83. Kg2 84. Rxe2+ 85. Rxe2 86. Rd4 0-1

[Event "Druzynowe Mistrzostwa Polski Juniorow - II liga"]
[Site "Sypniewo k. Jastrowia"]
[Date "2023-06-21"]
[Round "8.12"]
[White "Szymkiewicz, Witold"]
[Black "Bajer, Tomasz"]
[Result "1-0"]
[WhiteTitle "I+"]
[BlackTitle "I"]
[WhiteElo "1820"]
[BlackElo "1485"]

1. d4 2. Nf6 3. c4 4. c5 5. Nf3 6. cxd4 7. Nxd4 8. g6 9. g3 10. Bg7 11. Bg2 12.
Nc6 13. O-O 14. O-O 15. e3 16. a6 17. b3 18. Qc7 19. Bb2 20. d6 21. Nc3 22. Bd7
23. Rc1 24. Nxd4 25. exd4 26. e6 27. Re1 28. Rab8 29. Qd2 30. Rfc8 31. Bh3 32.
Qa5 33. a3 34. Qh5 35. Bg2 36. Bh6 37. f4 38. g5 39. Ne2 40. d5 41. Rf1 42. Kh8
43. fxg5 44. Bxg5 45. Nf4 46. Qg4 47. Qf2 48. Nh5 49. Bh3 50. Qxf4 51. gxf4 52.
Nxf4 53. Qf3 54. Rg8 55. Kh1 56. f6 57. c5 58. Bb5 59. Rce1 60. f5 61. Bc1 62.
Nxh3 63. Qxh3 64. Bxf1 65. Rxf1 66. Bxc1 67. Rxc1 68. Rg4 69. Rg1 70. Rbg8 71.
Rxg4 72. Rxg4 73. Qh6 74. Rg6 75. Qf8+ 76. Rg8 77. Qf6+ 78. Rg7 79. Qxe6 80. h5
81. Qxf5 82. h4 83. Qxd5 84. h3 85. Qe5 86. Kg8 87. d5 88. Kf8 89. Qxg7+ 90. Kxg7
91. c6 1-0